Statistics for Countries Bordering Iraq Clockwise - Map

Click here to take the quiz!

General Stats

  • This quiz has been taken 360 times
  • The average score is 6 of 6

Answers on the Map

Answers color-coded by a green-red scale on the quiz's map according to % correct below.
 

Answer Stats

Answer% Correct
Iran
99%
Turkey
98%
Jordan
97%
Kuwait
97%
Saudi Arabia
97%
Syria
97%

Score Distribution

Percentile by Number Answered

Percent of People with Each Score

Your Score History

You have not taken this quiz